A hot day / (Record no. 8367)

MARC details
000 -LEADER
fixed length control field 00939nam a22003017a 4500
001 - CONTROL NUMBER
control field 8367
003 - CONTROL NUMBER IDENTIFIER
control field FISKH
005 - DATE AND TIME OF LATEST TRANSACTION
control field 20250910094855.0
008 - FIXED-LENGTH DATA ELEMENTS--GENERAL INFORMATION
fixed length control field 250910b cb ||||| |||| 00| 0 eng d
020 ## - INTERNATIONAL STANDARD BOOK NUMBER
International Standard Book Number 9780736886215
040 ## - CATALOGING SOURCE
Original cataloging agency FISKH
Language of cataloging eng
Transcribing agency FISKH
Modifying agency FISKH
050 ## - LIBRARY OF CONGRESS CALL NUMBER
Classification number QB637.6 .S344
082 ## - DEWEY DECIMAL CLASSIFICATION NUMBER
Classification number 551.5
100 ## - MAIN ENTRY--PERSONAL NAME
Personal name Schaefer, Lola M.
245 ## - TITLE STATEMENT
Title A hot day /
Statement of responsibility, etc. By Lola M. Schaefer
260 ## - PUBLICATION, DISTRIBUTION, ETC.
Place of publication, distribution, etc. Minnesota :
Name of publisher, distributor, etc. Pebble Books ,
Date of publication, distribution, etc. 2000.
300 ## - PHYSICAL DESCRIPTION
Extent 24 pages :
Other physical details color illustrations ;
Dimensions 18 cm .
490 ## - SERIES STATEMENT
Series statement What Kind of Day Is It
505 ## - FORMATTED CONTENTS NOTE
Formatted contents note C <br/>
520 ## - SUMMARY, ETC.
Summary, etc. Simple text and photographs describe some things that people see and do on a hot day.
521 8# - TARGET AUDIENCE NOTE
Target audience note 110 <br/>
Source Lexile <br/>
521 8# - TARGET AUDIENCE NOTE
Target audience note C <br/>
Source Raz-Plus <br/>
650 ## - SUBJECT ADDED ENTRY--TOPICAL TERM
Topical term or geographic name entry element Summer
Form subdivision Juvenile Literature
650 ## - SUBJECT ADDED ENTRY--TOPICAL TERM
Topical term or geographic name entry element Heat-Physiological effect
Form subdivision Juvenile Literature
700 ## - ADDED ENTRY--PERSONAL NAME
Personal name Saunders-Smith, Gail
Relator term Consulting Editor
942 ## - ADDED ENTRY ELEMENTS (KOHA)
Source of classification or shelving scheme Dewey Decimal Classification
Koha item type Books
Suppress in OPAC No
Holdings
Withdrawn status Lost status Source of classification or shelving scheme Damaged status Not for loan Collection Home library Current library Shelving location Date acquired Total Checkouts Full call number Barcode Date last seen Price effective from Koha item type
    Dewey Decimal Classification     Non-Fiction Footprints International School Library Network Toul Tom Poung Campus Footprints International School Library Network Toul Tom Poung Campus TTP Primary Green Bookshelves 09/10/2025   SCH 551.5 QB637.6 .S344 FIS03247 09/10/2025 09/10/2025 Books